[Event "Dyfed op 49th"]
[Site "Fishguard"]
[Date "2020.02.15"]
[Round "2"]
[White "Marin Marin, Francisco Javier"]
[Black "Heap, Gerry"]
[Result "0-1"]
[WhiteElo "1776"]
[BlackElo "2111"]
[PlyCount "102"]
[EventDate "2020.02.14"]
[EventType "swiss"]
[EventRounds "5"]
[EventCountry "WLS"]
[SourceTitle "EXT 2022"]
[Source "ChessBase"]
[SourceDate "2021.10.06"]
[SourceVersion "1"]
[SourceVersionDate "2021.10.06"]
[SourceQuality "1"]

1. e4 c5 2. Nf3 d6 3. c3 Nf6 4. Bd3 Nc6 5. Bc2 Bg4 6. 0-0 g6 7. h3 Bxf3 8. Qxf3 Bg7 9. d3 0-0 10. Nd2 b5 11. Nb3 Nd7 12. Re1 a5 13. a3 Nb6 14. Be3 b4 15. axb4 a4 16. Nxc5 dxc5 17. bxc5 a3 18. Rxa3 Rxa3 19. bxa3 Bxc3 20. Rc1 Nc8 21. Ba4 Nd4 22. Qd1 Qa5 23. c6 Nb6 24. c7 Rc8 25. Bb3 e6 26. Kh1 Qxa3 27. Rxc3 Qd6 28. Bxd4 Qxd4 29. Qc2 Kg7 30. Rc6 Qa1+ 31. Kh2 Qe5+ 32. g3 Na8 33. Rc5 Qd4 34. Rc4 Qb6 35. Rc6 Qa7 36. Kg2 Rxc7 37. Qb2+ Kh6 38. Qd2+ Kg7 39. Qb2+ Kh6 40. Qc1+ Kg7 41. Rxc7 Nxc7 42. Qc6 Na6 43. Ba4 Nc5 44. Bb5 Qa3 45. Qd6 Qc3 46. Kf3 Nb3 47. Kg2 Nd2 48. Qc6 Qa1 49. g4 Qf1+ 50. Kg3 e5 51. g5 Qg1+ 0-1

[Event "West Wales op"]
[Site "Swansea"]
[Date "2019.10.13"]
[Round "4"]
[White "Marin Marin, Francisco Javier"]
[Black "Whitehead, Mark A"]
[Result "1-0"]
[WhiteElo "1767"]
[BlackElo "1847"]
[PlyCount "35"]
[EventDate "2019.10.11"]
[EventType "swiss"]
[EventRounds "5"]
[EventCountry "WLS"]
[SourceTitle "EXT 2022"]
[Source "ChessBase"]
[SourceDate "2021.10.06"]
[SourceVersion "1"]
[SourceVersionDate "2021.10.06"]
[SourceQuality "1"]

1. e4 c5 2. Nf3 e6 3. c3 b6 4. d4 Bb7 5. Bd3 cxd4 6. cxd4 Nf6 7. Nc3 Bb4 8. Qe2 0-0 9. 0-0 d5 10. e5 Bxc3 11. exf6 Bb4 12. fxg7 Kxg7 13. Qe5+ f6 14. Qh5 Rf7 15. Bxh7 Rd7 16. Qh6+ Kf7 17. Ne5+ Ke7 18. Bf4 1-0